000 00772nam a2200241 c 4500
001 000030712
003 RuMoIPM
005 20260602121226.0
008 191002s1976 ru a||||||||||||||||rus d
035 _a(RuMoBEN) 001764168
035 _a(RuMoBEN-CBP Bibliobus) 120426
040 _aRuMoBEN
_brus
_ercr
041 _arus
044 _aru
080 _a511.2
100 1 _aВиноградов, Иван Матвеевич
245 0 0 _aОсобые варианты метода тригонометрических сумм
_cИ. М. Виноградов
260 _aМосква
_bНаука
_c1976
300 _a119 с.
504 _aБиблиогр. : с. 118-119
856 4 1 _qapplication/pdf
_uhttps://viewer.benran.ru/ru/ben01001764168
942 _cBK
999 _c30712
_d30712